Statistics for Best Selling Breakfast Cereals In America

Click here to take the quiz!

General Stats

  • This quiz has been taken 42 times
  • The average score is 11 of 20

Answer Stats

HintAnswer% Correct
#2Honey Nut Cheerios
91%
#3Frosted Flakes
88%
#1Cheerios
85%
#7Froot Loops
82%
#6Lucky Charms
71%
#10Fruity Pebbles
65%
#13Rice Krispies
65%
#17Cap'n Crunch
62%
#5Cinnamon Toast Crunch
62%
#19Corn Flakes
62%
#20Cocoa Puffs
59%
#9Life
56%
#11Raisin Bran
50%
#12Special K
50%
#18Apple Jacks
47%
#4Honey Bunches of Oats
44%
#8Frosted Mini Wheats
35%
#15Reese's Puffs
32%
#16Raisin Bran Crunch
6%
#14Special K Red Berries
6%

Score Distribution

Percentile by Number Answered

Percent of People with Each Score

Your Score History

You have not taken this quiz